000
00275nam a2200109Ia 4500
008
200302s9999 xx 000 0 und d
100
_a
Wolfgang sonne
245
_a
Urbanity and density in 20th century urban design
260
_b
Dom Publishers
260
_c
2017
300
_a
359
999
_c
5948
_d
5948